书目信息 |
| 题名: |
档案工作实务研究
|
|
| 作者: | 刘敏 著 | |
| 分册: | ||
| 出版信息: | 北京 北京工业大学出版社 2021.1 |
|
| 页数: | 198页 | |
| 开本: | 24cm | |
| 丛书名: | ||
| 单 册: | ||
| 中图分类: | G27 | |
| 科图分类: | ||
| 主题词: | 档案工作--dang an gong zuo--研究 | |
| 电子资源: | ||
| ISBN: | 978-7-5639-6840-4 | |
| 000 | 00850nam0 2200253 450 | |
| 001 | 012001000720 | |
| 005 | 20141201165308.0 | |
| 010 | @a978-7-5639-6840-4@dCNY48.00 | |
| 099 | @aCAL 012022016173 | |
| 100 | @a20220905d2021 em y0chiy50 ea | |
| 101 | 0 | @achi |
| 102 | @aCN@b110000 | |
| 105 | @ak a 000yy | |
| 106 | @ar | |
| 200 | 1 | @a档案工作实务研究@Adang an gong zuo shi wu yan jiu@f刘敏著 |
| 210 | @a北京@c北京工业大学出版社@d2021.1 | |
| 215 | @a198页@d24cm | |
| 320 | @a有书目 (第197-198页) | |
| 330 | @a本书共七章,内容包括:档案和档案工作概述、档案的收集与鉴定、档案的检索与统计、档案的保管与保护、档案的编研与利用、数字时代的档案工作、现代档案管理技术与应用。 | |
| 606 | 0 | @a档案工作@Adang an gong zuo@x研究 |
| 690 | @aG27@v5 | |
| 701 | 0 | @a刘敏@Aliu min@4著 |
| 801 | 0 | @aCN@bAHXH@c20221111 |
| 905 | @b1369836-40@dG27@e258@f5 | |
| 档案工作实务研究/刘敏著.-北京:北京工业大学出版社,2021.1 |
| 198页;24cm |
| ISBN 978-7-5639-6840-4:CNY48.00 |
| 本书共七章,内容包括:档案和档案工作概述、档案的收集与鉴定、档案的检索与统计、档案的保管与保护、档案的编研与利用、数字时代的档案工作、现代档案管理技术与应用。 |
| ● |
| 相关链接 |
|
|
|
|
正题名:档案工作实务研究
索取号:G27/258
 
预约/预借
| 序号 | 登录号 | 条形码 | 馆藏地/架位号 | 状态 | 备注 |
| 1 | 1369836 | 213698364 | 第一样本阅览室/ [索取号:G27/258] | 在馆 | |
| 2 | 1369837 | 213698373 | 教育系资料室/ [索取号:G27/258] | 在馆 | |
| 3 | 1369838 | 213698382 | 教育系资料室/ [索取号:G27/258] | 在馆 | |
| 4 | 1369839 | 213698391 | 第四借阅区/ [索取号:G27/258] | 在馆 | |
| 5 | 1369840 | 213698408 | 第四借阅区/ [索取号:G27/258] | 在馆 |